00402nam a2200133Ia 450000500170000000800410001702000150005808200130007310000190008624500210010526000430012630000130016950000860018220250305005248.0240331s9999 xx 000 0 und d a9559525433 bRAJa800 aRajakaruna,T.S 0aSakayi 1,11, 111 aNugegodabNihal rajakarunanayakec1991 a152 p ., aLove Story of an American solider with Japanese Girl during the second world war